000 00788nam a2200217 i 4500
001 91988
003 ES-MaACL
005 20230906180854.0
007 t|
008 050314s1989 mx ||||1| spa d
020 _a968-6029-07-9
080 _a616.98:578.833.21
100 1 _aDelaporte, François.
_943316
245 1 0 _aHistoria de la fiebre amarilla
_b: nacimiento de la medicina tropical /
_cpor François Delaporte ; presentación de Georges Canguilhem.
250 _a1ª ed.
260 _aParis :
_bCentre d'Etudes Mexicains et Centraméricaines ;
_aMéxico :
_bInstituto de Investigaciones Históricas,
_c[1989]
300 _a162 p. :
_bil. ;
_c22 cm.
650 1 4 _aFiebre amarilla.
_912774
700 1 _aCanguilhem, Georges.
_934500
852 _aES-MaACL
_jE-10815
_bR.130032
999 _c91988
_d91988